000 00345nam a2200133Ia 4500
005 20260328104253.0
008 260328s9999||||xx |||||||||||||| ||und||
100 _aWright, Frank Lloyd
245 0 _aGenius and the Mobocracy /
_cFrank Lloyd Wright
260 _bDuell, Sloan & Pearce
300 _a113 p.
650 _aARQUITECTURA
942 _cBK
999 _c10325
_d10325